Prefectures of Japan by Estimated Area - Statistics

General Stats
  • This quiz has been taken 38 times
  • The average score is 30 of 47
Answer Stats
Prefecture % Correct
83,424 H Hokkaido
100%
11,638 A Akita
91%
15,275 I Iwate
91%
9,645 A Aomori
86%
13,784 F Fukushima
86%
10,621 G Gifu
86%
13,562 N Nagano
86%
5,676 E Ehime
82%
8,401 H Hyōgo
82%
12,584 N Niigata
82%
8,479 H Hiroshima
77%
9,188 K Kagoshima
77%
9,323 Y Yamagata
77%
6,112 Y Yamaguchi
77%
6,362 G Gunma
73%
6,097 I Ibaraki
73%
7,409 K Kumamoto
73%
5,774 M Mie
73%
7,735 M Miyazaki
73%
5,172 A Aichi
68%
6,341 Ō Ōita
68%
7,115 O Okayama
68%
4,725 W Wakayama
68%
5,158 C Chiba
64%
4,986 F Fukuoka
64%
7,104 K Kōchi
64%
6,408 T Tochigi
64%
4,465 Y Yamanashi
64%
7,282 M Miyagi
59%
6,708 S Shimane
59%
4,612 K Kyoto
55%
7,779 S Shizuoka
55%
4,186 I Ishikawa
50%
4,190 F Fukui
45%
1,877 K Kagawa
45%
4,132 N Nagasaki
45%
1,905 O Osaka
45%
3,798 S Saitama
45%
2,191 T Tokyo
45%
3,691 N Nara
41%
2,281 O Okinawa
41%
3,507 T Tottori
41%
2,416 K Kanagawa
36%
2,441 S Saga
36%
4,017 S Shiga
36%
4,147 T Tokushima
36%
4,248 T Toyama
36%
No matching quizzes found
Score Distribution
Percent of People with Each Score
Percentile by Number Answered
Your Score History
You have not taken this quiz